Artistes francophones les plus écoutés sur Spotify - Statistiques

Statistiques générales
  • Ce quiz a été pris 583 fois
    210 depuis la dernière actualisation
  • Le résultat moyen est 7 sur 20
Statistiques - réponses
Nb d'auditeurs/mois Artiste Pays % Correct
10 370 000 Aya Nakamura Mali - France
84%
18 630 000 GIMS RDC - France
80%
9 235 000 Jul France
72%
20 530 000 Céline Dion Canada
66%
6 845 000 Damso RDC - Belgique
64%
16 750 000 Stromae Belgique
55%
7 700 000 Ninho France
54%
6 570 000 Theodora France - RDC
40%
7 805 000 SDM France
33%
6 870 000 Tiakola France
29%
12 135 000 Indila France
24%
6 560 000 Soolking Algérie
24%
7 335 000 Mika Liban - USA - Royaume-Uni
18%
6 580 000 Tayc France
13%
7 820 000 La Mano 1.9 France
11%
6 615 000 Yseult France
6%
7 955 000 DYSTINCT Belgique - Maroc
5%
12 400 000 Manu Chao France - Espagne
3%
10 605 000 Patrick Watson Canada
3%
8 565 000 Willy William France
2%
Aucun quiz correspondant
Distribution des résultats
% des personnes avec chaque résultat
Percentile par nombre de réponses
Votre historique - résultats
Vous n’avez pas pris ce quiz depuis la dernière actualisation